[Event "Copenhagen BSF-C"]
[Site "Copenhagen"]
[Date "2014.03.29"]
[Round "3"]
[White "Ohayv, Nikolaj"]
[Black "Jorgensen, Mikkel"]
[Result "1-0"]
[WhiteElo "1851"]
[BlackElo "1891"]
[PlyCount "69"]
[EventDate "2014.03.28"]
[EventType "tourn"]
[EventRounds "5"]
[EventCountry "DEN"]
[SourceTitle "EXT 2016"]
[Source "ChessBase"]
[SourceDate "2015.10.08"]
[SourceVersion "1"]
[SourceVersionDate "2015.10.08"]
[SourceQuality "1"]

1. e4 e5 2. Nf3 Nc6 3. Bb5 Nf6 4. 0-0 Nxe4 5. Re1 Nd6 6. Nxe5 Be7 7. Ba4 0-0 8. Nf3 Bf6 9. c3 b6 10. d4 Bb7 11. Bf4 Nf5 12. Qd3 Nh4 13. Nbd2 Nxf3+ 14. Nxf3 d6 15. Rad1 Ne7 16. Bc2 g6 17. h4 Nf5 18. h5 Nh4 19. Nxh4 Bxh4 20. Bh6 Re8 21. Bb3 Qf6 22. g3 Bg5 23. hxg6 hxg6 24. Bxg5 Qxg5 25. Qc4 Qf5 26. d5 c5 27. dxc6 b5 28. Rxe8+ Rxe8 29. Qxf7+ Qxf7 30. Bxf7+ Kxf7 31. cxb7 Rb8 32. Rxd6 Rxb7 33. Ra6 Kg7 34. Kg2 Kh6 35. Ra5 1-0

[Event "Copenhagen Bronshoj op"]
[Site "Copenhagen"]
[Date "2014.02.08"]
[Round "2"]
[White "Kristensen, Lars Ostergaard"]
[Black "Ohayv, Nikolaj"]
[Result "1-0"]
[WhiteElo "1657"]
[BlackElo "1845"]
[PlyCount "103"]
[EventDate "2014.02.07"]
[EventType "swiss"]
[EventRounds "7"]
[EventCountry "DEN"]
[SourceTitle "CBM 158 Extra"]
[Source "ChessBase"]
[SourceDate "2014.02.28"]
[SourceVersion "1"]
[SourceVersionDate "2014.02.28"]
[SourceQuality "1"]

1. d4 d5 2. c4 e6 3. Nc3 Nf6 4. cxd5 exd5 5. Bg5 c6 6. Qc2 Nbd7 7. e3 Be7 8. Bd3 0-0 9. Nge2 Re8 10. 0-0 Nf8 11. f3 g6 12. Rae1 Ne6 13. Bh4 c5 14. Qd1 cxd4 15. exd4 a6 16. Bb1 Ng7 17. Bf2 Bf5 18. Qb3 Qd7 19. Nf4 Bxb1 20. Rxb1 Rad8 21. Rbc1 b5 22. Nd3 Bd6 23. Bh4 Re6 24. Ne5 Rxe5 25. dxe5 Bxe5 26. Rcd1 Nf5 27. Bxf6 Bxf6 28. Rxd5 Qa7+ 29. Kh1 Re8 30. Rfd1 Qe3 31. Ne4 Rxe4 32. fxe4 Qxb3 33. axb3 Ne3 34. Rd8+ Kg7 35. e5 Bxd8 36. Rxd8 Ng4 37. Rd5 Ne3 38. Rc5 Nd1 39. Rc2 Ne3 40. Re2 Nd5 41. g3 Kf8 42. Kg2 Ke7 43. Kf3 Ke6 44. Ke4 Nb6 45. Rd2 Nd7 46. Rd6+ Ke7 47. Kd5 g5 48. g4 f6 49. e6 Ne5 50. h3 Nd3 51. Rd7+ Ke8 52. Kd6 1-0

[Event "Copenhagen Bronshoj op"]
[Site "Copenhagen"]
[Date "2012.02.11"]
[Round "2"]
[White "Ohayv, Nikolaj"]
[Black "Nielsen, Klaus"]
[Result "0-1"]
[WhiteElo "1899"]
[BlackElo "2056"]
[PlyCount "74"]
[EventDate "2012.02.10"]
[EventType "swiss"]
[EventRounds "7"]
[EventCountry "DEN"]
[SourceTitle "EXT 2015"]
[Source "ChessBase"]
[SourceDate "2014.11.20"]
[SourceVersion "1"]
[SourceVersionDate "2014.11.20"]
[SourceQuality "1"]

1. e4 c5 2. Nc3 Nc6 3. f4 e6 4. Nf3 d5 5. e5 Nge7 6. g3 Nf5 7. Bg2 Be7 8. d3 h5 9. 0-0 a6 10. a3 b5 11. Ne2 Bb7 12. c3 d4 13. cxd4 cxd4 14. Bd2 Qb6 15. b4 g6 16. h3 Rd8 17. Qb3 0-0 18. Kh2 Rd7 19. Rfd1 Rfd8 20. Rac1 Kg7 21. Bh1 a5 22. bxa5 Nxa5 23. Bxa5 Qxa5 24. Rb1 Ba6 25. Ra1 Rc7 26. Rdb1 Qb6 27. Nd2 Ne3 28. Rc1 Rxc1 29. Rxc1 Bb7 30. Bxb7 Qxb7 31. Ne4 Ra8 32. Nxd4 Rxa3 33. Qxb5 Ra2+ 34. Kh1 Qa7 35. Nc6 Rh2+ 36. Kg1 Qa2 37. Nxe7 Qg2# 0-1

[Event "Damhus-ch A"]
[Site "Rodovre"]
[Date "2011.09.26"]
[Round "4"]
[White "Hejberg, Carsten"]
[Black "Ohayv, Nikolaj"]
[Result "1/2-1/2"]
[WhiteElo "1889"]
[BlackElo "1816"]
[PlyCount "79"]
[EventDate "2011.09.06"]
[EventType "tourn"]
[EventRounds "7"]
[EventCountry "DEN"]
[SourceTitle "EXT 2023"]
[Source "ChessBase"]
[SourceDate "2022.10.05"]
[SourceVersion "1"]
[SourceVersionDate "2022.10.05"]
[SourceQuality "1"]

1. d4 d5 2. Nf3 c5 3. dxc5 Nc6 4. e4 dxe4 5. Qxd8+ Nxd8 6. Ne5 a6 7. Nc3 Nf6 8. Be3 e6 9. 0-0-0 Be7 10. g4 Nd7 11. Nxd7 Bxd7 12. Rg1 Bc6 13. Bg2 f5 14. gxf5 exf5 15. Bf1 Bf6 16. Nd5 Bxd5 17. Rxd5 g6 18. Bc4 Nf7 19. Rgd1 Rd8 20. Rxd8+ Nxd8 21. Bf4 h6 22. Rd6 Ke7 23. Rb6 Bg5 24. Be3 f4 25. Bd4 Rf8 26. c6 bxc6 27. Bc5+ Ke8 28. Bxf8 Kxf8 29. Rxa6 f3+ 30. Kd1 Bh4 31. b4 Bxf2 32. b5 cxb5 33. Bd5 Bg1 34. Bxe4 f2 35. Ke2 Ke7 36. Rxg6 Ne6 37. Kf1 h5 38. Rxg1 fxg1Q+ 39. Kxg1 Nc5 40. Bd3 1/2-1/2

[Event "Rodovre-ch A"]
[Site "Rodovre"]
[Date "2009.10.06"]
[Round "6"]
[White "Smidt, Johnny"]
[Black "Ohayv, Nikolaj"]
[Result "1/2-1/2"]
[WhiteElo "1656"]
[BlackElo "1800"]
[PlyCount "117"]
[EventDate "2009.09.01"]
[EventType "tourn"]
[EventRounds "7"]
[EventCountry "DEN"]
[SourceTitle "EXT 2023"]
[Source "ChessBase"]
[SourceDate "2022.10.05"]
[SourceVersion "1"]
[SourceVersionDate "2022.10.05"]
[SourceQuality "1"]

1. e4 e5 2. Nf3 Nc6 3. Bb5 a6 4. Ba4 Nf6 5. d4 exd4 6. e5 Nd5 7. 0-0 Be7 8. Nxd4 Nxd4 9. Qxd4 Nb6 10. Bb3 0-0 11. a4 d6 12. a5 Nd7 13. e6 fxe6 14. Bxe6+ Kh8 15. Nc3 Bf6 16. Qd5 Bxc3 17. bxc3 Nf6 18. Qb3 Bxe6 19. Qxe6 Qe8 20. Qxe8 Rfxe8 21. Rb1 Rab8 22. Be3 Re5 23. Ba7 Rc8 24. Rxb7 Rxa5 25. Rfb1 Nd7 26. Kf1 Kg8 27. R7b4 Re8 28. Rb7 Rc8 29. Ke1 Re5+ 30. Kf1 Ra5 31. Ke2 Kf7 32. f4 Nf6 33. Bb6 Ra2 34. Bxc7 Rxc2+ 35. Kf1 Kg6 36. Bb6 R8xc3 37. Bd4 Rc1+ 38. Rxc1 Rxc1+ 39. Ke2 Rc2+ 40. Kf3 a5 41. Rb6 Rc4 42. Bxf6 Kxf6 43. Rxd6+ Ke7 44. Ra6 a4 45. Kg4 Kf7 46. g3 Rd4 47. Kg5 Rd5+ 48. Kg4 Rd4 49. h4 Rc4 50. h5 h6 51. Ra5 Rd4 52. Kf5 Rc4 53. Ra7+ Kg8 54. g4 Rc5+ 55. Ke6 Rc4 56. Kf5 Rc5+ 57. Ke6 Rc4 58. Kf5 Rc5+ 59. Ke4 1/2-1/2

[Event "Rodovre-ch A"]
[Site "Rodovre"]
[Date "2009.09.22"]
[Round "4"]
[White "Ohayv, Nikolaj"]
[Black "Andersen, Svend Erik"]
[Result "0-1"]
[WhiteElo "1800"]
[BlackElo "1814"]
[PlyCount "98"]
[EventDate "2009.09.01"]
[EventType "tourn"]
[EventRounds "7"]
[EventCountry "DEN"]
[SourceTitle "EXT 2023"]
[Source "ChessBase"]
[SourceDate "2022.10.05"]
[SourceVersion "1"]
[SourceVersionDate "2022.10.05"]
[SourceQuality "1"]

1. e4 e6 2. Nc3 b6 3. f4 Bb7 4. Nf3 Bb4 5. d3 d5 6. Bd2 Ne7 7. e5 d4 8. Ne4 Bxd2+ 9. Qxd2 Nbc6 10. Be2 Nf5 11. 0-0 Ne3 12. Rfc1 f5 13. Nf2 Qd5 14. c4 Qd7 15. Nd1 Ng4 16. h3 Nh6 17. Ng5 Nf7 18. Nxf7 Kxf7 19. Bf3 h6 20. b4 Rag8 21. g4 g5 22. Nf2 gxf4 23. Qxf4 Nd8 24. Bxb7 Nxb7 25. Kh2 Ke7 26. gxf5 exf5 27. Rg1 c5 28. b5 Qe6 29. Raf1 Nd8 30. Nh1 Nf7 31. Rxg8 Rxg8 32. Ng3 Qxe5 33. Nxf5+ Ke6 34. Ng3 Qxf4 35. Rxf4 Ne5 36. Re4 Rf8 37. Kg2 Kd6 38. Rh4 Nxd3 39. Rxh6+ Ke5 40. Rh5+ Kf4 41. Rh7 Rg8 42. Rf7+ Ke3 43. h4 Nf4+ 44. Kh2 Kf3 45. Nh5 Rg2+ 46. Kh1 Rg4 47. Nxf4 Rxf4 48. Rxa7 Kf2 49. Rh7 d3 0-1

[Event "Copenhagen-ch"]
[Site "Copenhagen"]
[Date "2005.10.06"]
[Round "6"]
[White "Ohayv, Nikolaj"]
[Black "Akdag, Dara Sevkan"]
[Result "1/2-1/2"]
[WhiteElo "1764"]
[BlackElo "1537"]
[PlyCount "114"]
[EventDate "2005.10.02"]
[EventType "swiss"]
[EventRounds "9"]
[EventCountry "DEN"]
[SourceTitle "EXT 2023"]
[Source "ChessBase"]
[SourceDate "2022.10.05"]
[SourceVersion "1"]
[SourceVersionDate "2022.10.05"]
[SourceQuality "1"]

1. d4 Nf6 2. c4 e6 3. Nc3 c5 4. d5 exd5 5. cxd5 d6 6. e4 g6 7. Bb5+ Bd7 8. Bxd7+ Nbxd7 9. f4 Bg7 10. Nf3 0-0 11. 0-0 a6 12. e5 dxe5 13. fxe5 Ng4 14. e6 Nde5 15. Nxe5 Nxe5 16. exf7+ Rxf7 17. Rxf7 Nxf7 18. Bf4 b5 19. Rc1 Bd4+ 20. Kh1 Ra7 21. b3 Rd7 22. Qf3 b4 23. Ne4 Rxd5 24. Rd1 Kg7 25. g4 Be5 26. Bxe5+ Nxe5 27. Rxd5 Qxd5 28. Qf6+ Kg8 29. Qf3 Nxf3 30. Nf6+ Kf7 31. Nxd5 Ne5 32. Nc7 a5 33. h3 Nd3 34. Nb5 Nc1 35. Nd6+ Ke7 36. Nb7 Nxa2 37. Nxa5 Nc1 38. Kg2 c4 39. Nxc4 Nxb3 40. Kf2 Nc1 41. Nb2 Na2 42. Ke3 Ke6 43. Kd4 Nc3 44. h4 h6 45. Nd3 Nd5 46. Nc5+ Kd6 47. Nb3 Nf6 48. g5 hxg5 49. hxg5 Nh7 50. Kc4 Nxg5 51. Kxb4 Nf3 52. Nc5 Kd5 53. Nd3 g5 54. Kc3 Ne5 55. Nf2 Ng6 56. Kd3 Ke5 57. Ke3 Nf4 1/2-1/2

[Event "Copenhagen-ch"]
[Site "Copenhagen"]
[Date "2005.10.03"]
[Round "3"]
[White "Ohayv, Nikolaj"]
[Black "Ringsborg, Allan"]
[Result "1/2-1/2"]
[WhiteElo "1764"]
[BlackElo "1665"]
[PlyCount "55"]
[EventDate "2005.10.02"]
[EventType "swiss"]
[EventRounds "9"]
[EventCountry "DEN"]
[SourceTitle "EXT 2023"]
[Source "ChessBase"]
[SourceDate "2022.10.05"]
[SourceVersion "1"]
[SourceVersionDate "2022.10.05"]
[SourceQuality "1"]

1. d4 f5 2. c4 Nf6 3. Nc3 c6 4. Qc2 d6 5. Nf3 g6 6. e3 Na6 7. a3 Nc7 8. Bd3 e6 9. e4 h6 10. Bd2 Bg7 11. 0-0-0 Na6 12. exf5 gxf5 13. Rde1 Kd7 14. b4 Nb8 15. d5 cxd5 16. cxd5 e5 17. Bxf5+ Ke7 18. Nh4 Ke8 19. Bxc8 Qxc8 20. Qg6+ Kf8 21. Nf5 Qc7 22. Kb2 Ne8 23. Nxg7 Qxg7 24. Qxg7+ Kxg7 25. f4 Nd7 26. fxe5 Nxe5 27. Re3 Nc4+ 28. Kc2 1/2-1/2

[Event "Rodovre-ch A"]
[Site "Rodovre"]
[Date "2005.09.20"]
[Round "3"]
[White "Mortensen, Henrik"]
[Black "Ohayv, Nikolaj"]
[Result "1-0"]
[WhiteElo "1899"]
[BlackElo "1783"]
[PlyCount "93"]
[EventDate "2005.09.06"]
[EventType "tourn"]
[EventRounds "7"]
[EventCountry "DEN"]
[SourceTitle "EXT 2023"]
[Source "ChessBase"]
[SourceDate "2022.10.05"]
[SourceVersion "1"]
[SourceVersionDate "2022.10.05"]
[SourceQuality "1"]

1. e4 c5 2. Ne2 d6 3. d4 cxd4 4. Nxd4 Nc6 5. c4 g6 6. Nc3 Bg7 7. Be3 Nf6 8. Qd2 0-0 9. Be2 Bd7 10. f3 Rc8 11. Rc1 b6 12. Ndb5 Re8 13. 0-0 a6 14. Na3 Rb8 15. Nd5 Bc8 16. b4 Nxd5 17. cxd5 Ne5 18. h3 b5 19. f4 Nd7 20. Nc2 Nf6 21. Bf3 e6 22. Nd4 Bb7 23. Nc6 Bxc6 24. dxc6 Qc7 25. Rfd1 Red8 26. Rc2 d5 27. e5 Ne8 28. Qc3 Bf8 29. Bd4 Ng7 30. g4 Rdc8 31. Rdc1 Be7 32. Kg2 Ra8 33. a3 Kh8 34. Be2 Rab8 35. Qe3 Bf8 36. Ba7 Ra8 37. Bb6 Qe7 38. c7 Qd7 39. Ba5 Be7 40. Qb6 h6 41. a4 bxa4 42. Bxa6 Rxa6 43. Qxa6 g5 44. Qc6 Qxc6 45. Rxc6 Ne8 46. b5 gxf4 47. b6 1-0

[Event "Taastrup Aktiv-Alliancen"]
[Site "Taastrup"]
[Date "2003.06.01"]
[Round "8"]
[White "Sandbech, Ted Henrik"]
[Black "Ohayv, Nikolaj"]
[Result "1/2-1/2"]
[WhiteElo "1539"]
[BlackElo "1755"]
[PlyCount "48"]
[EventDate "2003.05.23"]
[EventType "swiss"]
[EventRounds "9"]
[EventCountry "DEN"]
[SourceTitle "EXT 2023"]
[Source "ChessBase"]
[SourceDate "2022.10.05"]
[SourceVersion "1"]
[SourceVersionDate "2022.10.05"]
[SourceQuality "1"]

1. Nf3 d5 2. d4 e6 3. c4 c5 4. e3 Nc6 5. Nc3 Nf6 6. cxd5 exd5 7. Qa4 c4 8. Ne5 Bd7 9. Nxd7 Qxd7 10. a3 Be7 11. Be2 a6 12. 0-0 0-0 13. b4 b5 14. Qc2 Rfb8 15. Bf3 a5 16. bxa5 Rxa5 17. Bb2 Rba8 18. Qe2 Bxa3 19. Nxb5 Bxb2 20. Qxb2 Qb7 21. Rxa5 Nxa5 22. Qb1 Nb3 23. Nc3 Rb8 24. Qc2 Qc6 1/2-1/2

[Event "Copenhagen-ch"]
[Site "Copenhagen"]
[Date "2003.02.14"]
[Round "9"]
[White "Sandbech, Ted Henrik"]
[Black "Ohayv, Nikolaj"]
[Result "0-1"]
[WhiteElo "1519"]
[BlackElo "1704"]
[PlyCount "76"]
[EventDate "2003.02.07"]
[EventType "swiss"]
[EventRounds "9"]
[EventCountry "DEN"]
[SourceTitle "EXT 2018"]
[Source "ChessBase"]
[SourceDate "2017.10.13"]
[SourceVersion "1"]
[SourceVersionDate "2017.10.13"]
[SourceQuality "1"]

1. Nf3 d5 2. d4 e6 3. c4 c5 4. e3 Nf6 5. Nc3 Nc6 6. cxd5 exd5 7. Bb5 a6 8. Be2 Be7 9. dxc5 Bxc5 10. 0-0 0-0 11. a3 h6 12. b4 Ba7 13. Bb2 Be6 14. Qc2 Rc8 15. Rfd1 Qe7 16. Rac1 Rfd8 17. Qb1 d4 18. Nxd4 Nxd4 19. exd4 Bxd4 20. Bf3 Ba7 21. Rxd8+ Rxd8 22. Rd1 Re8 23. h3 Bc4 24. Nd5 Nxd5 25. Bxd5 Bxd5 26. Rxd5 Qe1+ 27. Qxe1 Rxe1+ 28. Kh2 Bxf2 29. Rd8+ Kh7 30. Rd7 Kg6 31. Rxb7 h5 32. h4 Re4 33. g3 Re2 34. Bxg7 Kxg7 35. b5 a5 36. Kg2 Bc5+ 37. Kf3 Re3+ 38. Kf4 Rxa3 0-1

[Event "Copenhagen-ch"]
[Site "Copenhagen"]
[Date "2003.02.10"]
[Round "5"]
[White "Petersen, Nils"]
[Black "Ohayv, Nikolaj"]
[Result "1-0"]
[WhiteElo "2024"]
[BlackElo "1704"]
[PlyCount "147"]
[EventDate "2003.02.07"]
[EventType "swiss"]
[EventRounds "9"]
[EventCountry "DEN"]
[SourceTitle "EXT 2018"]
[Source "ChessBase"]
[SourceDate "2017.10.13"]
[SourceVersion "1"]
[SourceVersionDate "2017.10.13"]
[SourceQuality "1"]

1. c4 e5 2. Nc3 Nf6 3. e3 d5 4. d4 exd4 5. exd4 Be6 6. cxd5 Nxd5 7. Nf3 Be7 8. Be2 0-0 9. 0-0 c6 10. Ne5 Nd7 11. f4 Nxe5 12. dxe5 Qb6+ 13. Kh1 Nxc3 14. bxc3 Rfd8 15. Qc2 g6 16. Bd3 Qc5 17. a4 Bc4 18. Ba3 Bxd3 19. Bxc5 Bxc2 20. Bxe7 Rd3 21. Rfc1 Rxc3 22. Ra2 Bb3 23. Rxc3 Bxa2 24. Kg1 Bd5 25. g4 a6 26. a5 Re8 27. Bd6 Rc8 28. Kf2 Rd8 29. Ke3 Rd7 30. Kd4 Be6 31. Rg3 Bd5 32. Kc5 Be4 33. h4 h6 34. f5 Bd5 35. Re3 Rd8 36. e6 fxe6 37. fxe6 Re8 38. e7 Kf7 39. Re2 g5 40. hxg5 hxg5 41. Kb6 c5 42. Kxc5 Bc6 43. Rf2+ Kg6 44. Rf8 Bd7 45. Kb6 Bc6 46. Kc7 Kg7 47. Be5+ Kg6 48. Kd6 Bb5 49. Rf6+ Kg7 50. Rf5+ Kg6 51. Bc3 Bd3 52. Kd7 Ra8 53. Rd5 Bb5+ 54. Rxb5 axb5 55. e8Q+ Rxe8 56. Kxe8 Kh7 57. Kd7 Kg6 58. Kc7 Kf7 59. Kxb7 Ke6 60. a6 Kd5 61. a7 Kc4 62. Bf6 b4 63. a8Q b3 64. Qa4+ Kc5 65. Qxb3 Kd6 66. Qe3 Kd5 67. Qe5+ Kc4 68. Kb6 Kd3 69. Kc5 Kc2 70. Qc3+ Kd1 71. Qb2 Ke1 72. Kd4 Kd1 73. Kd3 Ke1 74. Qe2# 1-0

[Event "Copenhagen-ch"]
[Site "Copenhagen"]
[Date "2003.02.09"]
[Round "4"]
[White "Ohayv, Nikolaj"]
[Black "Paaske, Asger"]
[Result "1/2-1/2"]
[WhiteElo "1704"]
[BlackElo "2117"]
[PlyCount "157"]
[EventDate "2003.02.07"]
[EventType "swiss"]
[EventRounds "9"]
[EventCountry "DEN"]
[SourceTitle "EXT 2018"]
[Source "ChessBase"]
[SourceDate "2017.10.13"]
[SourceVersion "1"]
[SourceVersionDate "2017.10.13"]
[SourceQuality "1"]

1. e4 c5 2. Nf3 Nf6 3. e5 Nd5 4. c4 Nc7 5. d4 cxd4 6. Nxd4 Ne6 7. Nc3 Qa5 8. f4 Nxd4 9. Qxd4 Nc6 10. Qf2 d6 11. exd6 Bf5 12. Be2 0-0-0 13. 0-0 Rxd6 14. Be3 Kb8 15. a3 Rd7 16. b4 Qd8 17. Rac1 Bd3 18. b5 Bxe2 19. Nxe2 e6 20. bxc6 bxc6 21. Rb1+ Ka8 22. Qf3 Qc7 23. c5 Be7 24. a4 Rhd8 25. Nc3 Rd3 26. Nb5 Qd7 27. Nd6 Bxd6 28. cxd6 Qxd6 29. Rfc1 Rd5 30. a5 Rb8 31. Rxb8+ Kxb8 32. Rb1+ Ka8 33. h3 Rxa5 34. Qf2 f6 35. Qc2 h6 36. Rd1 Qc7 37. Rc1 Kb7 38. Rb1+ Rb5 39. Ra1 a5 40. Qe4 Qd7 41. Rc1 Qd5 42. Qc2 Qd7 43. Rd1 Rd5 44. Qb3+ Ka8 45. Rxd5 cxd5 46. Qb6 a4 47. Qa6+ Kb8 48. Bc5 Qb7 49. Qxa4 Kc7 50. Qe8 Qb1+ 51. Kh2 Qf5 52. Qe7+ Kc6 53. Qd6+ Kb5 54. Qb6+ Kc4 55. Qb4+ Kd3 56. Qb1+ Kc4 57. Qb4+ Kd3 58. Qd4+ Kc2 59. Qf2+ Kd3 60. Bb4 Kc4 61. Qc5+ Kb3 62. Qc3+ Ka4 63. Bd6 Qe4 64. Qa3+ Kb5 65. Qc5+ Ka4 66. Qf2 d4 67. Qd2 d3 68. Bf8 e5 69. fxe5 Qxe5+ 70. Kg1 Qa1+ 71. Kf2 Qd4+ 72. Kf3 f5 73. Qa2+ Kb5 74. Qb3+ Ka5 75. Qa3+ Kb5 76. Qb3+ Ka5 77. Qa3+ Kb5 78. Qb3+ Ka5 79. Qa3+ 1/2-1/2

[Event "Copenhagen-ch"]
[Site "Copenhagen"]
[Date "2003.02.07"]
[Round "1"]
[White "Hansen, Flemming Haupt"]
[Black "Ohayv, Nikolaj"]
[Result "0-1"]
[WhiteElo "2150"]
[BlackElo "1704"]
[PlyCount "130"]
[EventDate "2003.02.07"]
[EventType "swiss"]
[EventRounds "9"]
[EventCountry "DEN"]
[SourceTitle "EXT 2018"]
[Source "ChessBase"]
[SourceDate "2017.10.13"]
[SourceVersion "1"]
[SourceVersionDate "2017.10.13"]
[SourceQuality "1"]

1. d4 d5 2. c4 e6 3. Nc3 c5 4. cxd5 exd5 5. Nf3 Nc6 6. e3 Nf6 7. a3 a6 8. Be2 b5 9. Ne5 Bb7 10. f4 c4 11. Bf3 Na5 12. 0-0 Nb3 13. Rb1 Rc8 14. Bd2 h5 15. Be1 h4 16. Qc2 h3 17. g4 Bd6 18. Qf5 Rc7 19. Qg5 Kf8 20. Rd1 Be7 21. Qf5 Bc8 22. Qc2 Be6 23. f5 Bc8 24. g5 Ne4 25. Bxe4 dxe4 26. g6 Bg5 27. Qxe4 Bb7 28. d5 Re7 29. gxf7 Rh6 30. Rf3 Nc5 31. Qd4 Nb3 32. Qa7 Ba8 33. Qxe7+ Bxe7 34. Bg3 Nc5 35. Ng6+ Kxf7 36. e4 Nd3 37. e5 Bxd5 38. e6+ Bxe6 39. Ne5+ Kg8 40. fxe6 Rxe6 41. Ng4 Qd4+ 42. Nf2 Bc5 43. Kh1 Nxf2+ 44. Bxf2 Qg4 45. Rg3 Qf5 46. Bxc5 Qxc5 47. Rd8+ Kh7 48. Rxh3+ Rh6 49. Rf3 Qe5 50. h3 Qe1+ 51. Kh2 Rg6 52. Rd1 Qe5+ 53. Kh1 Qg5 54. Rf2 Qh5 55. Rd5 Qh4 56. Rdd2 Qg3 57. Rf1 Rh6 58. Rff2 Rg6 59. Rf1 Rh6 60. Rff2 Rg6 61. Rf1 Qe3 62. Re2 Qd3 63. Rf4 Rh6 64. Ref2 Qxh3+ 65. Kg1 Qh1# 0-1